00365nam a2200145Ia 4500008004100000041000800041082002000049100003200069245002500101250001300126260003700139300000800176502001800184999001700202230128s9999 xx 000 0 und d aeng aGAV PR0474bGAV aGavande Prajakta A.9118934 aAssessment of Stress a2K101034 c2012bPune UniversityaRatnagiri a65p cSonar Pranita c97232d97232